header

Cumulative environmental effects of oil and gas activities on Alaska's North Slope (Record no. 73107)

MARC details
000 -LEADER
fixed length control field 01524nam a2200289Ia 4500
245 00 - TITLE STATEMENT
Title Cumulative environmental effects of oil and gas activities on Alaska's North Slope
260 ## - PUBLICATION, DISTRIBUTION, ETC. (IMPRINT)
Place of publication Washington, D.C. :
Name of publisher National Academies Press,
Year of publication c2003.
300 ## - PHYSICAL DESCRIPTION
Number of Pages 304 p.
650 #0 - SUBJECT ADDED ENTRY--TOPICAL TERM
Topical Term Petroleum industry and trade
Topical Term Oil and gas leases
Topical Term Environmental impact statements
856 40 - ELECTRONIC LOCATION AND ACCESS
Uniform Resource Identifier http://site.ebrary.com/lib/rucke/Doc?id=10046832

No items available.

© 2026 Rongo University
Contact us: librarian | system librarian | Rongo university